00841nam a2200241Ia 4500003000400000005001700004008004100021020001500062040001800077041000800095082002000103100003300123245009600156250001200252260003900264300002800303650003300331650002600364650003100390942002700421999001900448952013200467OSt20251010085910.0210716s1994 xx 000 0 und d a8170941660 cAIMIT LIBRARY aeng a005.7561 bARUP aAruna, Panangipally.9143058 aWonder of power builder 3.0 :bthe basics /cBy Panangipally Aruna and Suvarnalaxmi Pandit. a1st ed. aNew Delhi :bVision Books ,c1994. axvi,255 p.;bPBc23 cm. aDown the rabbit hole9143059 aDrag and drop9241953 aMore on datawindow9241954 2ddccBKk005.7561 ARUP c183101d183101 00102ddc40708MCAaAIMITbAIMITd2021-07-16g145.00l0o005.7561 ARUPpMCA02609r2026-05-23 00:00:00v145.00w2021-07-16yBK